| 000 | 01044nam2a22002411 4500 | ||
|---|---|---|---|
| 001 | RU\NLR\INFOCOMM10\5000015825 | ||
| 005 | 20250617013531.0 | ||
| 035 | _a(NLR Aleph) 002348168 | ||
| 090 |
_a4504006 _c4504006 |
||
| 100 | _a20041115d1991 |||y0rusy50 ca | ||
| 101 | 0 | _arus | |
| 102 | _aRU | ||
| 105 | _ay ||||000|y | ||
| 200 | 1 |
_aТепловой режим недр МНР _fАН СССР, Геол. ин-т, АН МНР, Геол. ин-т |
|
| 210 |
_d1991 _aБ. м. |
||
| 461 | 0 |
_1001RU\NLR\INFOCOMM10\5000015670 _12001#$aТруды$fСовмест. Сов.-Монгол. геол. экспедиция$vВып.51 _94503674 _aСоветско-Монгольская научно-исследовательская геологическая экспедиция _cМ. _d1970- _fСовмест. Сов.-Монгол. геол. экспедиция _nНаука _tТруды _vВып.51 |
|
| 801 | 1 |
_aRU _bInfoComm _c20041115 |
|
| 801 | 0 |
_aRU _bNLR _gPSBO |
|
| 852 |
_aNLR _jП8/964 |
||
| 942 | _cISSUE | ||
| 980 | _aNB | ||
| 980 | _aRUSPER | ||